00374 a2200133 450000100060000009000170000610000200002324500440004326000260008750500110011394200130012499900190013795200840015631433 c21317d21317 aHolzner, Stevan aVisual Basic six Programming Black Book aNew DelhibDream Tech aCD/DVD aNUST-CAE c266506d266506 001040708NFICaCAEbCAEd2017-04-03l0pCAE72052r2017-04-05w2017-04-05yBK